000 01056nam a22002537a 4500
999 _c63645
_d63645
005 20240530110652.0
008 171213s2015 ua a g b 000 0 ara d
017 _a2698
_bمصر. دار الكتب
020 _a9789773583316
040 _aEG-CaGPL
_cEG-CaGPL
082 0 4 _221
_a155.2 /
_bأ أ
100 0 _aالحسين عبدالمنعم
245 1 2 _aالاحتراق النفسى والشخصية الانسانية :
_b" تاصيل نظرى ودراسات ميدانية " /
_cتاليف الحسين عبدالمنعم ، اسامة محمد الغريب
250 _aط. 1
260 _aالقاهرة :
_bدار الفجر للنشر و التوزيع ،
_c2015.
300 _a195 ص. :
_bجداول ؛
_c24 سم.
504 _aيشتمل على ارجاعات ببليوجرافية
650 0 7 _2qrmak
_aعلم النفس الشخصانى
650 0 7 _2qrmak
_aعلم النفس التطبيقى
651 _2qrmak
653 0 _aالاحتراق النفسى
942 _2ddc
_cBK